|
|
|
|
| LEADER |
02258nam a2200625 a 4500 |
| 001 |
nkc20142651568 |
| 003 |
CZ PrNK |
| 005 |
20150507075950.0 |
| 007 |
ta |
| 008 |
150401s2014 xr a e 000 1 cze |
| 015 |
|
|
|a cnb002651568
|
| 020 |
|
|
|a 978-80-7000-105-9
|q (brož.)
|
| 035 |
|
|
|a (OCoLC)908820987
|
| 040 |
|
|
|a ABA001
|b cze
|
| 072 |
|
7 |
|a 27-4
|x Praktická teologie. Morální teologie
|2 Konspekt
|9 5
|
| 080 |
|
|
|a 27-423.7
|2 MRF
|
| 080 |
|
|
|a 27-423.79
|2 MRF
|
| 080 |
|
|
|a 27-4
|2 MRF
|
| 080 |
|
|
|a 279.228-1
|2 MRF
|
| 080 |
|
|
|a 27-277.2
|2 MRF
|
| 080 |
|
|
|a (0:82-4)
|2 MRF
|
| 080 |
|
|
|a (0:82-5)
|2 MRF
|
| 100 |
1 |
|
|a Butta, Tomáš,
|d 1958-
|7 kpwa3987
|4 aut
|
| 245 |
1 |
0 |
|a Víra, láska, naděje :
|b úvahy o třech duchovních darech /
|c Tomáš Butta
|
| 246 |
1 |
4 |
|a Víra, naděje, láska
|
| 250 |
|
|
|a Vyd. 1.
|
| 260 |
|
|
|a Praha :
|b Pražská diecéze Církve československé husitské ve spolupráci s Náboženskou obcí CČSH v Praze 1 - Staré Město,
|c 2014
|
| 300 |
|
|
|a 67 s. :
|b il. ;
|c 15 cm
|
| 490 |
1 |
|
|a Blahoslav
|
| 504 |
|
|
|a Obsahuje bibliografii a bibliografické odkazy
|
| 650 |
0 |
7 |
|a křesťanské ctnosti
|7 ph122116
|2 czenas
|
| 650 |
0 |
7 |
|a křesťanská víra
|7 ph122113
|2 czenas
|
| 650 |
0 |
7 |
|a křesťanská naděje
|7 ph122107
|2 czenas
|
| 650 |
0 |
7 |
|a křesťanská láska
|7 ph122100
|2 czenas
|
| 650 |
0 |
7 |
|a křesťanský život
|7 ph122132
|2 czenas
|
| 650 |
0 |
7 |
|a husitská teologie
|7 ph114732
|2 czenas
|
| 650 |
0 |
7 |
|a biblické citáty
|7 ph118853
|2 czenas
|
| 650 |
0 |
9 |
|a Christian virtues
|2 eczenas
|
| 650 |
0 |
9 |
|a Christian faith
|2 eczenas
|
| 650 |
0 |
9 |
|a Christian hope
|2 eczenas
|
| 650 |
0 |
9 |
|a charity
|2 eczenas
|
| 650 |
0 |
9 |
|a Christian life
|2 eczenas
|
| 650 |
0 |
9 |
|a hussite theology
|2 eczenas
|
| 650 |
0 |
9 |
|a Biblical quotations
|2 eczenas
|
| 655 |
|
7 |
|a úvahy
|7 fd134000
|2 czenas
|
| 655 |
|
7 |
|a kázání
|7 fd131846
|2 czenas
|
| 655 |
|
9 |
|a essays
|2 eczenas
|
| 655 |
|
9 |
|a sermons
|2 eczenas
|
| 830 |
|
0 |
|a Blahoslav (Církev československá husitská)
|0 s
|
| 910 |
2 |
|
|a BOA001
|b S-1345.331
|
| 928 |
9 |
|
|a Církev československá husitská, náboženská obec Praha 1
|
| 990 |
|
|
|a BK
|
| 995 |
|
|
|a 01
|
| 991 |
|
|
|b 201504
|c NOV
|e n
|
| 996 |
6 |
|
|b 2610628367
|c S-1345.331
|l MZK
|r Sklad / do 24 hodin
|n 0
|p p.v.
|w 001498870
|u 000010
|a 1
|e BOA001
|j MZK50
|s P
|